Countries with the most islands - Statistics

General Stats
  • This quiz has been taken 50 times
  • The average score is 12 of 15
Answer Stats
Hint Answer % Correct
17,504 Indonesia
98%
239,057 Norway
96%
7,641 Philippines
96%
18,617 USA
96%
52,455 Canada
94%
178,947 Finland
94%
267,570 Sweden
94%
5,000 China
91%
8,222 Australia
85%
14,125 Japan
85%
5,000 Chile
72%
4,000 Vietnam
66%
4,400 South Korea
43%
4,195 Cuba
30%
3,579 North Korea
30%
No matching quizzes found
Score Distribution
Percent of People with Each Score
Percentile by Number Answered
Your Score History
You have not taken this quiz